000 00637nam a2200205 a 4500
001 BRCA_2960
005 20190320204039.0
008 120209s1933----mx-a---###---#000-0#spa-#
050 4 _aNA753
_b.T74 1933
245 1 0 _aTres siglos de arquitectura colonial.
260 _aMéxico
_bSEP, Departamento de Monumentos. Dirección de Monumentos
_c1933
300 _axv
_bil., 150 láminas
_c24 cm.
500 _aB76
546 _aTexto en : español e inglés
650 1 4 _aArquitectura colonial
_97560
650 1 4 _aArquitectura
_xHistoria
_zMéxico
_9639
650 1 4 _aArquitectura religiosa
_zMéxico
_924
902 _aGFM
942 _2lcc
_cB
999 _c2699
_d2699